000 00664nam a2200217Ia 4500
005 20250923145651.0
008 008 250917s9999 xx 000 0 eng d
037 _aTextual
040 _aDSWL
_beng
_cDSWL
041 _aeng
_2eng
084 _aYx,9V7;5-X7:8, N76;1
_qDSWL
100 _aDubey, S.N.
_9837730
245 0 _aAdministration of policy and programmers for backward classes in India
_c by S.N. Dubey
260 _aNew Delhi
_bDelhi Somaiya
_c1976
300 _aix,279 p.
365 _aINR
_b40.50
700 _a R Murdia
_9837731
925 _g40.50
942 _cTEXL
_hYx,9V7;5-X7:8, N76;1
999 _c1454133
_d1454133